Born in Longview/Texas - Statistics

General Stats
  • This quiz has been taken 12 times
  • The average score is 5 of 8
Answer Stats
Hint Answer % Correct
Academy Award winning actor, "The Last King of Scotland" "Black Panther" "The Butler" 1961 Forest Whitaker
100%
Former first baseman who played for the Baltimore Orioles and Texas Rangers, he was the MLB home run leader in 2013 and 2015 1986 Chris Davis
67%
Actress, known for her role as Frankie Wong in "Bizaardvark" 2002 Madison Hu
67%
Offensive tackle who plays for the San Francisco 49ers and nine time Pro-Bowler 1988 Trent Williams
67%
Former running back who played for the New York Jets, New Orleans Saints and Jacksonville Jaguars 1988 Chris Ivory
50%
Director, "The Blind Side" "The Founder" "Saving Mr. Banks" 1956 John Lee Hancock
50%
Country music singer, she has been honored with more Academy of Country Music Awards than any artist in history, "The House That Built Me" "Mama's Broken Heart" "Bluebird" 1983 Miranda Lambert
50%
Actor, known for his role as George Cooper Jr. in "Young Sheldon" 2003 Montana Jordan
50%
No matching quizzes found
Score Distribution
Percent of People with Each Score
Percentile by Number Answered
Your Score History
You have not taken this quiz